Estudio de impacto ambiental de 4000 ml de adoquinado de calle y obras de drenaje de los barrios Julio Ramos Miller (sector 14), Amado Palma (sector 15), Carlos Núñez (sector 17), de la ciudad de Somoto

La investigación consiste en un estudio de impacto ambiental de 4000 ml de adoquinado de calle y obras de drenaje de los barrios Julio Ramos Miller (sector 14), Amado Palma (sector 15), Carlos Núñez (sector 17), de la Ciudad de Somoto, en el cual el proyecto toma en consideración la legislación...

Full description

Bibliographic Details
Main Authors: Tórrez Sánchez, Geovanny Enoc, Díaz Elvir, Jorge Leonardo
Other Authors: Tutor: Ocampo Elvir, Gustavo Adolfo
Format: Tesis Section = Libro
Language:Undetermined
Spanish
Published: Managua UNI 2011
Subjects:
LEADER 01447nam a2200265Ia 4500
008 240830s9999 xx 000 0 und d
040 |a BIBLIOTECA-RUPAP T.Mon 625.8 T694 
041 |a spa 
082 |a T.Mon 625.8 T694 
100 1 |a Tórrez Sánchez, Geovanny Enoc 
100 1 |b Díaz Elvir, Jorge Leonardo 
245 1 0 |a Estudio de impacto ambiental de 4000 ml de adoquinado de calle y obras de drenaje de los barrios Julio Ramos Miller (sector 14), Amado Palma (sector 15), Carlos Núñez (sector 17), de la ciudad de Somoto 
260 |a Managua  |b UNI  |c 2011 
300 |a 94 p. :il. 
500 |a Contiene: anexos. 
502 |a Tesis (Ingeniero Civil)- UNI, 2011. 
520 3 |a La investigación consiste en un estudio de impacto ambiental de 4000 ml de adoquinado de calle y obras de drenaje de los barrios Julio Ramos Miller (sector 14), Amado Palma (sector 15), Carlos Núñez (sector 17), de la Ciudad de Somoto, en el cual el proyecto toma en consideración la legislación ambiental que rige el país, así como de las normativas, reglamentos o decretos establecidos en la municipalidad de Somoto que es el municipio donde se empieza el estudio del proyecto en mención. 
650 7 |a PAVIMENTOS 
650 7 |b PAVIMENTOS DE HORMIGÓN 
650 7 |c CALLES - MANTENIMIENTO Y REPARACIÓN 
650 7 |d OBRAS DE DRENAJE 
700 1 |a Tutor:  |b Ocampo Elvir, Gustavo Adolfo 
942 |c BK  |2 ddc 
991 |a TESIS 
999 |c 18260